|
|
|
|
| LEADER |
01728nam a2200385 i 4500 |
| 001 |
EBC7105052 |
| 003 |
MiAaPQ |
| 005 |
20230228122721.0 |
| 006 |
m o d | |
| 007 |
cr cnu|||||||| |
| 008 |
230228s2023 enka o 001 0 eng d |
| 020 |
|
|
|z 9781138604797
|q (print)
|
| 020 |
|
|
|a 9780429887505
|q (electronic bk.)
|
| 035 |
|
|
|a (MiAaPQ)EBC7105052
|
| 035 |
|
|
|a (Au-PeEL)EBL7105052
|
| 035 |
|
|
|a (OCoLC)1355234244
|
| 040 |
|
|
|a MiAaPQ
|b eng
|e rda
|e pn
|c MiAaPQ
|d MiAaPQ
|
| 050 |
|
4 |
|a K564.C6
|b .N686 2023
|
| 082 |
0 |
|
|a 343.0999
|2 23
|
| 100 |
1 |
|
|a Noto La Diega, Guido,
|e author.
|
| 245 |
1 |
0 |
|a Internet of things and the law :
|b legal strategies for consumer-centric smart technologies /
|c Guido Noto La Diega.
|
| 264 |
|
1 |
|a Abingdon, Oxon, England ;
|a New York, New York :
|b Routledge,
|c [2023]
|
| 264 |
|
4 |
|c Ã2023
|
| 300 |
|
|
|a 1 online resource (391 pages) :
|b illustrations
|
| 336 |
|
|
|a text
|b txt
|2 rdacontent
|
| 337 |
|
|
|a computer
|b c
|2 rdamedia
|
| 338 |
|
|
|a online resource
|b cr
|2 rdacarrier
|
| 500 |
|
|
|a Includes index.
|
| 588 |
|
|
|a Description based on print version record.
|
| 590 |
|
|
|a Electronic reproduction. Ann Arbor, MI : ProQuest, 2018. Available via World Wide Web. Access may be limited to ProQuest affiliated libraries.
|
| 650 |
|
0 |
|a Internet of things
|x Law and legislation.
|
| 655 |
|
4 |
|a Electronic books.
|
| 776 |
0 |
8 |
|i Print version:
|a Noto La Diega, Guido.
|t Internet of things and the law : legal strategies for consumer-centric smart technologies.
|d Abingdon, Oxon, England ; New York, New York : Routledge, c2023
|h 391 pages
|z 9781138604797
|w (DLC) 2022002831
|
| 797 |
2 |
|
|a ProQuest (Firm)
|
| 856 |
4 |
0 |
|u https://ebookcentral.proquest.com/lib/matrademy/detail.action?docID=7105052
|z Click to View
|